The noble scholar, jurist, historian


 His Excellency Dr. Abdul Wahhab bin Ibrahim Abu Sulaiman, may Allah have mercy on him.


 He was born in Umm Al-Qura in the year 1356 AH.

المسلمون في فرنسا : (Record no. 11956)

MARC details
000 -LEADER
fixed length control field 01034cam a2200277 i 4500
003 - CONTROL NUMBER IDENTIFIER
control field SA-RiAUC
005 - DATE AND TIME OF LATEST TRANSACTION
control field 20250921132959.0
008 - FIXED-LENGTH DATA ELEMENTS--GENERAL INFORMATION
fixed length control field 250919s1997 ua g 000r0 ara c
040 ## - CATALOGING SOURCE
Original cataloging agency SA-JeALM
Language of cataloging ara
Transcribing agency SA-RiAUC
Description conventions rda
043 ## - GEOGRAPHIC AREA CODE
Geographic area code e-fr---
082 04 - DEWEY DECIMAL CLASSIFICATION NUMBER
Classification number 210.944
090 ## - LOCALLY ASSIGNED LC-TYPE CALL NUMBER (OCLC); LOCAL CALL NUMBER (RLIN)
Classification number (OCLC) (R) ; Classification number, CALL (RLIN) (NR) 210.944
Local cutter number (OCLC) ; Book number/undivided call number, CALL (RLIN) ك س ب
100 1# - MAIN ENTRY--PERSONAL NAME
Personal name كسبة، مصطفى دسوقي
Relator term مؤلف.
245 12 - TITLE STATEMENT
Title المسلمون في فرنسا :
Remainder of title أصولا وهجرات /
Statement of responsibility, etc. تأليف مصطفى دسوقي كسبة ؛ رئيس التحرير علي أحمد الخطيب.
264 #1 - PRODUCTION, PUBLICATION, DISTRIBUTION, MANUFACTURE, AND COPYRIGHT NOTICE
Place of production, publication, distribution, manufacture القاهرة :
Name of producer, publisher, distributor, manufacturer الأزهر،
Date of production, publication, distribution, manufacture, or copyright notice [1997]
300 ## - PHYSICAL DESCRIPTION
Extent مجلد؛
Dimensions 20 سم.
336 ## - CONTENT TYPE
Content type term نص
Content type code txt
Source rdacontent
Materials specified كتاب
337 ## - MEDIA TYPE
Media type term بدون وسيط
Media type code n
Source rdamedia
338 ## - CARRIER TYPE
Carrier type term مجلد
Carrier type code nc
Source rdacarrier
440 #0 - SERIES STATEMENT/ADDED ENTRY--TITLE
Title مجلة الأزهر
650 #7 - SUBJECT ADDED ENTRY--TOPICAL TERM
Topical term or geographic name entry element المسلمون
Geographic subdivision فرنسا
Source of heading or term aucsh
650 #7 - SUBJECT ADDED ENTRY--TOPICAL TERM
Topical term or geographic name entry element الإسلام
Geographic subdivision فرنسا
Source of heading or term aucsh
700 1# - ADDED ENTRY--PERSONAL NAME
Personal name الخطيب، علي أحمد
Relator term محرر.
942 ## - ADDED ENTRY ELEMENTS (KOHA)
Source of classification or shelving scheme Dewey Decimal Classification
Koha item type Books
Suppress in OPAC No
949 ## - LOCAL PROCESSING INFORMATION (OCLC)
a SA-JeALM
d 250919
u mohamedma123
n 1
Holdings
Withdrawn status Lost status Source of classification or shelving scheme Materials specified (bound volume or other part) Damaged status Not for loan Home library Current library Date acquired Total checkouts Full call number Barcode Date last seen Price effective from Koha item type
    Dewey Decimal Classification الجزء الثاني     DR AbdElwahab Library DR AbdElwahab Library 09/21/2025   210.944 ك س ب 000019250 09/21/2025 09/21/2025 Books